000
00245nam a2200109Ia 4500
008
220204s9999 xx 000 0 und d
082
_a
82-3
_b
IND
100
_a
Indrani Sawkar
245
0
_a
Weeds
260
_a
New Delhi
_b
Vishv Vijay
942
_c
BK
999
_c
29101
_d
29101